[Event "CXU Obro Nytaar 2013"]
[Site "Copenhagen"]
[Date "2013.12.28"]
[Round "3"]
[White "Porte, Henrik"]
[Black "Petersen, Martin Reib"]
[Result "1-0"]
[WhiteElo "2175"]
[BlackElo "2013"]
[PlyCount "79"]
[EventDate "2013.??.??"]
[EventType "swiss"]
[EventRounds "7"]

1. d4 Nf6 2. c4 Nc6 3. Nf3 e6 4. Nc3 Bb4 5. Qc2 d6 6. Bd2 O-O 7. a3 Bxc3 8.
Bxc3 Re8 9. Rd1 Qe7 10. e3 e5 11. d5 Nb8 12. e4 Bg4 13. Be2 Nbd7 14. Ng1 a5 15.
Bxg4 Nxg4 16. h3 Ngf6 17. Ne2 Nc5 18. Ng3 a4 19. O-O h5 20. Rde1 g6 21. f4 h4
22. fxe5 dxe5 23. Nh1 Nh5 24. Rf3 Nb3 25. Qf2 Qg5 26. Rd1 Ra6 27. Be1 Nd4 28.
Rxd4 exd4 29. Qxd4 Nf4 30. Qf2 Rxe4 31. Bd2 Rf6 32. Kh2 Rxc4 33. Qf1 b5 34. Nf2
Qxd5 35. Ng4 Qxd2 36. Nxf6+ Kg7 37. Rf2 Qe3 38. Rf3 Qe5 39. Ng4 Qd6 40. Kh1 1-0

[Event "CXU Obro Nytaar 2013"]
[Site "Copenhagen"]
[Date "2013.12.28"]
[Round "3"]
[White "Ulrich, Thomas"]
[Black "Jorgensen, Brian Jorgen"]
[Result "0-1"]
[WhiteElo "2027"]
[BlackElo "2240"]
[PlyCount "94"]
[EventDate "2013.??.??"]
[EventType "swiss"]
[EventRounds "7"]

1. e4 e6 2. d4 d5 3. Nd2 Be7 4. Bd3 c5 5. dxc5 Nf6 6. Ngf3 O-O 7. O-O a5 8. c3
Bxc5 9. Qc2 h6 10. e5 Nfd7 11. Nb3 Be7 12. a4 Na6 13. Re1 Nac5 14. Nbd4 Nxd3
15. Qxd3 Nc5 16. Qe2 Bd7 17. Nb5 Nb3 18. Ra2 Nxc1 19. Rxc1 Qb6 20. Nbd4 Rac8
21. g3 Bc5 22. Kg2 Qd8 23. h4 f5 24. Rd1 Qe7 25. Qd2 Be8 26. Rb1 Bh5 27. Rh1 f4
28. Raa1 fxg3 29. fxg3 Qf7 30. Rhf1 Qg6 31. Rae1 Qe8 32. Ra1 Bg6 33. Qe2 Be4
34. Kh3 Qg6 35. Rad1 Bxd4 36. Nxd4 Rxf1 37. Qxf1 Qh5 38. Rd2 Qxe5 39. Rf2 Qc7
40. Rf8+ Rxf8 41. Qxf8+ Kh7 42. Qe8 Qc4 43. Qf8 Qd3 44. Qf4 h5 45. Qf2 Qd1 46.
g4 Qxg4+ 47. Kh2 e5 0-1

[Event "CXU Obro Nytaar 2013"]
[Site "Copenhagen"]
[Date "2013.12.28"]
[Round "3"]
[White "Nielsen, Frode Benedikt"]
[Black "Eriksson, Christian Altenburg"]
[Result "0-1"]
[WhiteElo "2021"]
[BlackElo "2128"]
[PlyCount "84"]
[EventDate "2013.??.??"]
[EventType "swiss"]
[EventRounds "7"]

1. e4 c5 2. f4 Nc6 3. Nc3 g6 4. Nf3 Bg7 5. Bb5 Nd4 6. Nxd4 cxd4 7. Ne2 Nf6 8.
Bd3 Qb6 9. O-O d5 10. e5 Ne4 11. Bxe4 d3+ 12. Kh1 dxe2 13. Qxe2 dxe4 14. Qxe4
Bf5 15. Qa4+ Qc6 16. Qxc6+ bxc6 17. d3 f6 18. Re1 Kf7 19. Bd2 Rhd8 20. Bc3 h6
21. h3 h5 22. a4 Rab8 23. a5 a6 24. Ra4 Rb5 25. Rc4 c5 26. b3 fxe5 27. fxe5 Be6
28. Ra4 g5 29. Kh2 Kg6 30. h4 gxh4 31. Rxh4 Bg4 32. Kg3 Rf8 33. Rhh1 Rbb8 34.
Re4 Be6 35. Reh4 Bg4 36. Re1 Rf5 37. Re4 Rbf8 38. Rh1 Rg5 39. Kh4 Bf5 40. Rc4
Rxg2 41. Rxc5 Bh6 42. Rc6+ e6 0-1

[Event "CXU Obro Nytaar 2013"]
[Site "Copenhagen"]
[Date "2013.12.28"]
[Round "3"]
[White "Nilssen, John Arni"]
[Black "Mortensen, Henrik"]
[Result "1-0"]
[WhiteElo "2366"]
[BlackElo "1938"]
[PlyCount "106"]
[EventDate "2013.??.??"]
[EventType "swiss"]
[EventRounds "7"]

1. d4 Nf6 2. c4 e6 3. Nc3 Bb4 4. Qc2 O-O 5. a3 Bxc3+ 6. Qxc3 b6 7. Bg5 Bb7 8.
f3 h6 9. Bh4 d5 10. e3 Nbd7 11. Nh3 c5 12. cxd5 cxd4 13. Qxd4 e5 14. Qd1 Bxd5
15. Nf2 Rc8 16. Bd3 Nc5 17. Bf5 Be6 18. Bxe6 Qxd1+ 19. Rxd1 Nxe6 20. Bxf6 gxf6
21. Ne4 Kg7 22. Rf1 Rc2 23. Rf2 Rfc8 24. Rxc2 Rxc2 25. Rd2 Rc7 26. Nd6 Kg6 27.
g4 Rd7 28. h4 Nd4 29. h5+ Kh7 30. exd4 Rxd6 31. dxe5 Re6 32. Rd7 Rxe5+ 33. Kf2
Kg7 34. Rxa7 Rd5 35. Ke3 f5 36. Rb7 fxg4 37. fxg4 Rd6 38. Rb8 Kf6 39. Rg8 Re6+
40. Kd4 Rc6 41. a4 Rc5 42. b4 Rc1 43. Rb8 Rc6 44. Kd5 Re6 45. Rg8 Ke7 46. g5
hxg5 47. Rxg5 Kf6 48. Rg1 Re5+ 49. Kc6 Rxh5 50. Kxb6 Ke5 51. a5 f5 52. a6 Rh6+
53. Ka5 Kd5 1-0

[Event "CXU Obro Nytaar 2013"]
[Site "Copenhagen"]
[Date "2013.12.28"]
[Round "3"]
[White "Stojanovski, Sandi"]
[Black "Skovgaard, Tom"]
[Result "1-0"]
[WhiteElo "2288"]
[BlackElo "1949"]
[PlyCount "165"]
[EventDate "2013.??.??"]
[EventType "swiss"]
[EventRounds "7"]

1. d4 Nf6 2. c4 e6 3. Nc3 d5 4. Bg5 Be7 5. e3 O-O 6. Nf3 h6 7. Bh4 Ne4 8. Bxe7
Qxe7 9. Qc2 Nxc3 10. Qxc3 c6 11. Bd3 Nd7 12. O-O dxc4 13. Bxc4 b6 14. b4 Bb7
15. Be2 a5 16. a3 Ra7 17. Rab1 Rfa8 18. Nd2 axb4 19. axb4 Ra3 20. Rb3 Rxb3 21.
Qxb3 e5 22. Bf3 exd4 23. exd4 b5 24. Qc3 Nb6 25. Qc5 Qd8 26. Nb3 Nd7 27. Qd6
Nf6 28. Qxd8+ Rxd8 29. Rc1 Nd5 30. Bxd5 Rxd5 31. f3 Kf8 32. Kf2 Ke7 33. Na5 Ba8
34. Ke3 Kd7 35. Rc5 Rd6 36. Kd3 Kc7 37. Re5 Rd7 38. h4 Bb7 39. h5 Bc8 40. Re8
Rd6 41. Re7+ Rd7 42. Re5 Rd6 43. Nb3 f6 44. Re7+ Rd7 45. Rxd7+ Bxd7 46. Nc5
Bf5+ 47. Ne4 Kd7 48. Ke3 Ke6 49. Nc3 Bc2 50. d5+ cxd5 51. Nxb5 Ba4 52. Nd4+ Ke7
53. Nf5+ Kf8 54. Kd4 Be8 55. g4 g6 56. hxg6 Bxg6 57. Ne3 h5 58. gxh5 Bxh5 59.
f4 Be2 60. Kxd5 Ke7 61. Kc6 Bd3 62. b5 Kd8 63. b6 Be4+ 64. Kd6 Kc8 65. Nc4 Kb7
66. Kc5 Bf3 67. Nd6+ Kb8 68. f5 Bg4 69. Kc6 Bf3+ 70. Kd7 Bg4 71. Ke6 Ka8 72.
Kxf6 Kb8 73. Ke5 Bh5 74. f6 Ka8 75. Ke6 Kb8 76. Ke7 Ka8 77. f7 Bxf7 78. Kxf7
Kb8 79. Ke6 Ka8 80. Kd5 Kb8 81. Kc6 Ka8 82. b7+ Ka7 83. Ne4 1-0

[Event "CXU Obro Nytaar 2013"]
[Site "Copenhagen"]
[Date "2013.12.29"]
[Round "4"]
[White "Hector, Jonny"]
[Black "Korley, Kassa"]
[Result "1-0"]
[WhiteElo "2509"]
[BlackElo "2343"]
[PlyCount "49"]
[EventDate "2013.??.??"]
[EventType "swiss"]
[EventRounds "7"]

1. d4 d5 2. Nc3 Nf6 3. Bf4 c6 4. f3 Nh5 5. Bg5 Qc7 6. Qd2 h6 7. Be3 Nd7 8. Bf2
e6 9. e4 Nhf6 10. e5 Ng8 11. f4 Bb4 12. Nf3 Ne7 13. Be2 b6 14. O-O a5 15. Nh4
Bxc3 16. Qxc3 Ba6 17. Bxa6 Rxa6 18. f5 Nxf5 19. Nxf5 exf5 20. Qg3 Kf8 21. Qd3
Qb7 22. Qxf5 Kg8 23. e6 Nf8 24. exf7+ Qxf7 25. Qc8 1-0

[Event "CXU Obro Nytaar 2013"]
[Site "Copenhagen"]
[Date "2013.12.29"]
[Round "4"]
[White "Hansen, Mads Smith"]
[Black "Porte, Henrik"]
[Result "1/2-1/2"]
[WhiteElo "2361"]
[BlackElo "2175"]
[PlyCount "49"]
[EventDate "2013.??.??"]
[EventType "swiss"]
[EventRounds "7"]

1. e4 c6 2. d4 d5 3. Nc3 dxe4 4. Nxe4 Bf5 5. Ng3 Bg6 6. h4 h6 7. Nf3 Nd7 8. h5
Bh7 9. Bd3 Bxd3 10. Qxd3 e6 11. Bd2 Ngf6 12. O-O-O Be7 13. Qe2 Qc7 14. Ne5 O-O
15. Ng6 fxg6 16. Qxe6+ Kh8 17. hxg6 Ng8 18. Bxh6 gxh6 19. Rxh6+ Nxh6 20. Qxe7
Qf4+ 21. Kb1 Rf7 22. gxf7 Qxf7 23. Qe3 Ng4 24. Qg5 Nxf2 25. Rf1 1/2-1/2

[Event "CXU Obro Nytaar 2013"]
[Site "Copenhagen"]
[Date "2013.12.29"]
[Round "4"]
[White "Bekker Jensen, David"]
[Black "Olsen, Peter Erik"]
[Result "0-1"]
[WhiteElo "2314"]
[BlackElo "2184"]
[PlyCount "90"]
[EventDate "2013.??.??"]
[EventType "swiss"]
[EventRounds "7"]

1. d4 Nf6 2. c4 c5 3. d5 b5 4. cxb5 a6 5. bxa6 Bxa6 6. Nc3 g6 7. e4 Bxf1 8.
Kxf1 d6 9. Nf3 Bg7 10. g3 O-O 11. Kg2 Nbd7 12. a4 Ra6 13. Qe2 Qa8 14. Ra3 e6
15. Nb5 Rxa4 16. Rxa4 Qxa4 17. dxe6 fxe6 18. Nxd6 Ng4 19. Qc4 Qxc4 20. Nxc4 Bd4
21. Nxd4 cxd4 22. f3 Rc8 23. Na3 Nge5 24. Rd1 Nc5 25. Bg5 Nb3 26. Bf6 Nc6 27.
Nb5 e5 28. f4 Rb8 29. Nd6 Nc5 30. Kh3 exf4 31. gxf4 Ne6 32. f5 Rb3+ 33. Kg4 h5+
34. Kh4 Nf4 35. Kg5 Nd3 36. fxg6 Nde5 37. Bxe5 Nxe5 38. Rxd4 Nf3+ 39. Kh6 Nxd4
40. Ne8 Rf3 41. e5 Nf5+ 42. Kg5 Ng7 43. Nd6 Rf2 44. b4 Rxh2 45. b5 Rb2 0-1

[Event "CXU Obro Nytaar 2013"]
[Site "Copenhagen"]
[Date "2013.12.29"]
[Round "4"]
[White "Jorgensen, Brian Jorgen"]
[Black "Andreasen, Henrik"]
[Result "1-0"]
[WhiteElo "2240"]
[BlackElo "2240"]
[PlyCount "49"]
[EventDate "2013.??.??"]
[EventType "swiss"]
[EventRounds "7"]

1. d4 Nf6 2. c4 g6 3. Nc3 d5 4. cxd5 Nxd5 5. e4 Nxc3 6. bxc3 c5 7. Bb5+ Bd7 8.
Be2 Bg7 9. Nf3 O-O 10. O-O cxd4 11. cxd4 Bc6 12. Qd3 a6 13. Be3 e6 14. Bg5 Qd7
15. Rad1 h6 16. Bf4 Qe7 17. Qe3 g5 18. Bg3 Nd7 19. h4 g4 20. Ne5 Nxe5 21. dxe5
h5 22. Rd6 f6 23. Bc4 Kh8 24. Rxe6 Qb4 25. exf6 1-0

[Event "CXU Obro Nytaar 2013"]
[Site "Copenhagen"]
[Date "2013.12.29"]
[Round "4"]
[White "Andreasen, Per Naesby"]
[Black "Schou Moldt, Thomas"]
[Result "0-1"]
[WhiteElo "2192"]
[BlackElo "2159"]
[PlyCount "42"]
[EventDate "2013.??.??"]
[EventType "swiss"]
[EventRounds "7"]

1. e4 c5 2. Nf3 e6 3. c3 d6 4. d4 Nf6 5. dxc5 d5 6. exd5 Qxd5 7. Qxd5 Nxd5 8.
b4 a5 9. Bc4 Be7 10. Bxd5 exd5 11. Be3 axb4 12. O-O Nc6 13. Nd4 O-O 14. Rd1 Bf6
15. cxb4 Nxb4 16. Rd2 Bd7 17. Nc3 Ra3 18. Rc1 Rfa8 19. Ndb5 Nxa2 20. Nxa2 Bxb5
21. Nb4 Bc3 0-1

[Event "CXU Obro Nytaar 2013"]
[Site "Copenhagen"]
[Date "2013.12.29"]
[Round "4"]
[White "Eriksson, Christian Altenburg"]
[Black "Nilssen, John Arni"]
[Result "1-0"]
[WhiteElo "2128"]
[BlackElo "2366"]
[PlyCount "107"]
[EventDate "2013.??.??"]
[EventType "swiss"]
[EventRounds "7"]

1. e4 c5 2. c3 e6 3. d4 d5 4. e5 Nc6 5. Nf3 Bd7 6. Be2 Qb6 7. a3 a5 8. b3 Nh6
9. Bxh6 gxh6 10. O-O cxd4 11. cxd4 Rc8 12. Qd3 Na7 13. Qe3 Bg7 14. Nc3 O-O 15.
Na4 Bxa4 16. bxa4 Rc6 17. Rab1 Qc7 18. Qb3 Rb8 19. Qd1 Rc3 20. Rb3 f6 21. exf6
Bxf6 22. Qb1 Rxb3 23. Qxb3 Nc6 24. Qe3 Qe7 25. Bb5 Nd8 26. Qxh6 Qg7 27. Qf4 Rc8
28. Rc1 Rxc1+ 29. Qxc1 Qe7 30. Qe3 Nf7 31. g3 e5 32. dxe5 Nxe5 33. Nxe5 Qxe5
34. Qf3 Qe6 35. Qf4 b6 36. Bd3 Be7 37. Bf5 Qf6 38. Qg4+ Kh8 39. Be6 Qg7 40.
Qxg7+ Kxg7 41. Bxd5 Bxa3 42. Bc4 Bc1 43. Kg2 Kf6 44. f4 Be3 45. Kf3 Bg1 46. h3
Bc5 47. g4 h6 48. h4 Ba3 49. g5+ Kg7 50. Kg4 Bc1 51. f5 Bd2 52. f6+ Kg6 53.
Bd3+ Kf7 54. Kf5 1-0

[Event "CXU Obro Nytaar 2013"]
[Site "Copenhagen"]
[Date "2013.12.29"]
[Round "4"]
[White "Tandrup, Michael"]
[Black "Stojanovski, Sandi"]
[Result "1-0"]
[WhiteElo "1964"]
[BlackElo "2288"]
[PlyCount "106"]
[EventDate "2013.??.??"]
[EventType "swiss"]
[EventRounds "7"]

1. e4 c5 2. c4 Nc6 3. Nc3 g6 4. g3 Bg7 5. Bg2 e6 6. Nge2 Nge7 7. d3 d6 8. Be3
Nd4 9. a3 Nec6 10. Rb1 a5 11. O-O O-O 12. Bd2 Bd7 13. Nxd4 Nxd4 14. Ne2 a4 15.
Nxd4 Bxd4 16. Qc1 Rb8 17. h4 b5 18. Bh6 Re8 19. h5 bxc4 20. hxg6 hxg6 21. dxc4
Rb3 22. Bg5 Qb6 23. Rd1 Rxb2 24. Rxb2 Bxb2 25. Qf4 Be5 26. Qh4 Bc6 27. Bf3 Qc7
28. Kg2 f5 29. Rh1 Qf7 30. exf5 Bxf3+ 31. Kxf3 Qb7+ 32. Ke2 exf5 33. Be3 Qe7
34. Qh6 Qg7 35. Qg5 Bf6 36. Qf4 Be5 37. Qf3 Qf7 38. Kd3 Rb8 39. Rh4 Qb7 40.
Qd5+ Qxd5+ 41. cxd5 Rb3+ 42. Kc4 Bxg3 43. fxg3 Rxe3 44. Kb5 Rxg3 45. Rxa4 g5
46. Kc6 f4 47. Re4 f3 48. Re6 c4 49. Kxd6 c3 50. Ke5 f2 51. Rf6 c2 52. d6 c1=Q
53. d7 Qc3+ 1-0

[Event "CXU Obro Nytaar 2013"]
[Site "Copenhagen"]
[Date "2013.12.29"]
[Round "4"]
[White "Petersen, Martin Reib"]
[Black "Thuesen, Mogens Henrik"]
[Result "0-1"]
[WhiteElo "2013"]
[BlackElo "2194"]
[PlyCount "60"]
[EventDate "2013.??.??"]
[EventType "swiss"]
[EventRounds "7"]

1. e4 c5 2. b3 Nc6 3. Bb2 e6 4. Nf3 Nf6 5. e5 Nd5 6. c4 Nde7 7. Nc3 d6 8. exd6
Nf5 9. Ne4 Bxd6 10. Nxd6+ Qxd6 11. g3 O-O 12. Bg2 Qd3 13. Qe2 Nb4 14. Kf1 Qd8
15. a3 Nc2 16. Rd1 a5 17. Qe5 Qd3+ 18. Kg1 Qxb3 19. Rc1 f6 20. Qc3 Ncd4 21.
Nxd4 Nxd4 22. Qxb3 Nxb3 23. Rd1 Rd8 24. Bc3 Ra6 25. Kf1 Rad6 26. Ke2 b6 27. d3
a4 28. Ke3 Ba6 29. Rhe1 Bxc4 30. Bf1 Ba6 0-1

[Event "CXU Obro Nytaar 2013"]
[Site "Copenhagen"]
[Date "2013.12.29"]
[Round "4"]
[White "Brorsen, Jacob Abildlund"]
[Black "Ulrich, Thomas"]
[Result "1-0"]
[WhiteElo "2129"]
[BlackElo "2027"]
[PlyCount "103"]
[EventDate "2013.??.??"]
[EventType "swiss"]
[EventRounds "7"]

1. c4 e6 2. Nf3 d5 3. d4 Nf6 4. g3 dxc4 5. Bg2 a6 6. O-O Nc6 7. a4 Rb8 8. Na3
b5 9. Bg5 Be7 10. axb5 axb5 11. Nxb5 Rxb5 12. Qa4 Rxg5 13. Nxg5 Nd7 14. Nxe6
fxe6 15. Qxc6 Bd6 16. Qxc4 Qe7 17. e4 Nb6 18. Qc6+ Bd7 19. Qc2 e5 20. dxe5 Qxe5
21. Rfc1 Qd4 22. Rd1 Qc5 23. Qxc5 Bxc5 24. Ra5 Be7 25. Ra7 Bd8 26. f4 Nc4 27.
b3 Ne3 28. Rd3 Nxg2 29. Kxg2 Rf8 30. Kf3 h5 31. Ra5 Bg4+ 32. Kg2 g6 33. Ra8 Ke7
34. b4 Bd7 35. Ra5 Bc6 36. Kf3 Bd7 37. Re5+ Be6 38. b5 Kf7 39. f5 gxf5 40. exf5
Bc8 41. Rc5 Re8 42. Kf4 Rg8 43. h3 Bg5+ 44. Kf3 Be7 45. Rxc7 Kf6 46. Rc6+ Kf7
47. Rc7 Kf6 48. g4 hxg4+ 49. hxg4 Rxg4 50. Rc6+ Kg5 51. Rg6+ Kxf5 52. Rxg4 1-0

[Event "CXU Obro Nytaar 2013"]
[Site "Copenhagen"]
[Date "2013.12.29"]
[Round "4"]
[White "Hansen, Rasmus Agertoft"]
[Black "Vesterli, Michael E"]
[Result "0-1"]
[WhiteElo "1868"]
[BlackElo "2045"]
[PlyCount "47"]
[EventDate "2013.??.??"]
[EventType "swiss"]
[EventRounds "7"]

1. d4 Nf6 2. Nf3 g6 3. e3 Bg7 4. Bd3 O-O 5. O-O Nc6 6. c3 d6 7. Nbd2 e5 8. e4
Nh5 9. d5 Ne7 10. Nc4 Qe8 11. Ne3 h6 12. Qc2 f5 13. Re1 f4 14. Nf1 g5 15. c4
Ng6 16. N3d2 g4 17. b4 Nh4 18. a4 Qg6 19. g3 Nf3+ 20. Nxf3 gxf3 21. Ra3 Qg4 22.
Qd1 Qh3 23. Qxf3 fxg3 24. Qd1 0-1

[Event "CXU Obro Nytaar 2013"]
[Site "Copenhagen"]
[Date "2013.12.29"]
[Round "5"]
[White "Olsen, Peter Erik"]
[Black "Hector, Jonny"]
[Result "0-1"]
[WhiteElo "2184"]
[BlackElo "2509"]
[PlyCount "112"]
[EventDate "2013.??.??"]
[EventType "swiss"]
[EventRounds "7"]

1. d4 d5 2. Nf3 Nf6 3. Bf4 c5 4. e3 Nc6 5. c3 Qb6 6. Qb3 c4 7. Qxb6 axb6 8.
Nbd2 Bf5 9. a3 h6 10. Be2 e6 11. O-O b5 12. Rfe1 Be7 13. Ne5 Na5 14. Rac1 g5
15. Bg3 h5 16. h3 Ne4 17. Nf1 Nb3 18. Rcd1 f6 19. Nf3 Kd7 20. N3d2 h4 21. Bh2
Nexd2 22. Nxd2 Bc2 23. Nxb3 Bxd1 24. Rxd1 cxb3 25. Bxb5+ Kd8 26. f3 Ra5 27. a4
Bf8 28. e4 Rh7 29. Re1 Re7 30. Bd6 Rf7 31. Bh2 Rd7 32. Kf1 dxe4 33. Rxe4 Rd5
34. Re1 Bd6 35. Bxd6 Rxd6 36. Ke2 e5 37. Kd3 Ra8 38. Kc4 Rc8+ 39. Kxb3 exd4 40.
Rd1 Ke7 41. cxd4 Re6 42. Bc4 Re3+ 43. Kb4 Kd6 44. b3 Rc7 45. a5 f5 46. Ra1 g4
47. hxg4 fxg4 48. fxg4 Rg3 49. d5 Rxg2 50. a6 bxa6 51. Rxa6+ Ke5 52. Re6+ Kd4
53. Kb5 Rxg4 54. d6 Rg5+ 55. Kb6 Rh7 56. Re7 Rxe7 0-1

[Event "CXU Obro Nytaar 2013"]
[Site "Copenhagen"]
[Date "2013.12.29"]
[Round "5"]
[White "Porte, Henrik"]
[Black "Jorgensen, Brian Jorgen"]
[Result "0-1"]
[WhiteElo "2175"]
[BlackElo "2240"]
[PlyCount "66"]
[EventDate "2013.??.??"]
[EventType "swiss"]
[EventRounds "7"]

1. d4 e6 2. c4 f5 3. Nc3 Nf6 4. Nf3 d5 5. Bg5 c6 6. e3 Be7 7. Qc2 O-O 8. Bd3
Ne4 9. Bxe7 Qxe7 10. O-O Nd7 11. Rab1 Rf6 12. Rfc1 Nd6 13. Ne2 Kh8 14. b4 dxc4
15. Bxc4 e5 16. b5 e4 17. Nd2 cxb5 18. Bxb5 Nb6 19. a4 Be6 20. a5 Nd5 21. Qb2
f4 22. exf4 Nxf4 23. Nxf4 Rxf4 24. Nf1 Raf8 25. Rc2 Qf7 26. d5 Bxd5 27. Qd4 Bb3
28. Rxb3 Qxb3 29. Rc7 Nf5 30. Qc5 Nh6 31. Qe5 R4f6 32. Qg5 Nf7 33. Qc5 Nd6 0-1

[Event "CXU Obro Nytaar 2013"]
[Site "Copenhagen"]
[Date "2013.12.29"]
[Round "5"]
[White "Schou Moldt, Thomas"]
[Black "Eriksson, Christian Altenburg"]
[Result "1-0"]
[WhiteElo "2159"]
[BlackElo "2128"]
[PlyCount "76"]
[EventDate "2013.??.??"]
[EventType "swiss"]
[EventRounds "7"]

1. e4 c5 2. Nf3 Nc6 3. Bc4 e5 4. c3 d6 5. d4 cxd4 6. cxd4 Nxd4 7. Nxd4 exd4 8.
Qxd4 Nf6 9. O-O Be7 10. Nc3 O-O 11. Bf4 Be6 12. Rfd1 Bxc4 13. Qxc4 Qb6 14. Rd2
Qc6 15. Qxc6 bxc6 16. Bxd6 Bxd6 17. Rxd6 Rab8 18. b3 Rfc8 19. Re1 Kf8 20. e5
Ne8 21. Rd7 Rc7 22. Rd4 Ke7 23. f4 g6 24. Rc1 h5 25. Kf2 Rd7 26. Ne2 Rb6 27. h3
Ng7 28. g4 hxg4 29. hxg4 Ne6 30. Ra4 c5 31. Ke3 Rb4 32. Rc4 Rxa4 33. Rxa4 f5
34. exf6+ Kxf6 35. Nc3 Kf7 36. Nb5 Nc7 37. Nxc7 Rxc7 38. Ke4 Rd7 1-0

[Event "CXU Obro Nytaar 2013"]
[Site "Copenhagen"]
[Date "2013.12.29"]
[Round "5"]
[White "Thuesen, Mogens Henrik"]
[Black "Hansen, Mads Smith"]
[Result "0-1"]
[WhiteElo "2194"]
[BlackElo "2361"]
[PlyCount "80"]
[EventDate "2013.??.??"]
[EventType "swiss"]
[EventRounds "7"]

1. c4 b6 2. Nc3 Bb7 3. d4 e6 4. a3 f5 5. Nf3 Nf6 6. g3 Be7 7. Bg2 O-O 8. d5 Ne4
9. Nxe4 fxe4 10. Ne5 exd5 11. cxd5 Rf5 12. Ng4 Rxd5 13. Qb3 Kh8 14. Bxe4 Qg8
15. O-O Na6 16. Be3 Nc5 17. Bxc5 Bxc5 18. Bxd5 Bxd5 19. Qc3 Re8 20. b4 Bd6 21.
Rad1 Bc4 22. Rd4 Bxe2 23. Re1 Re6 24. Qd2 Qe8 25. Ne3 Bf3 26. Ng2 Bb7 27. Rxe6
dxe6 28. Nh4 h6 29. Qc2 Qf7 30. Ng6+ Kg8 31. Ne5 Qe8 32. f4 Bd5 33. Qg6 Qxg6
34. Nxg6 c5 35. Rd1 cxb4 36. axb4 Bxb4 37. f5 Bc5+ 38. Kf1 Bc4+ 39. Ke1 exf5
40. Nh4 Be6 0-1

[Event "CXU Obro Nytaar 2013"]
[Site "Copenhagen"]
[Date "2013.12.29"]
[Round "5"]
[White "Korley, Kassa"]
[Black "Andersen, Soren Mikkel"]
[Result "1-0"]
[WhiteElo "2343"]
[BlackElo "2113"]
[PlyCount "123"]
[EventDate "2013.??.??"]
[EventType "swiss"]
[EventRounds "7"]

1. e4 c5 2. Nf3 d6 3. Bb5+ Bd7 4. Bxd7+ Qxd7 5. c4 g6 6. d4 cxd4 7. Nxd4 Bg7 8.
Nc3 Nf6 9. f3 O-O 10. Be3 Rc8 11. b3 a6 12. Rc1 Qd8 13. Qd2 Nc6 14. O-O Rab8
15. Rfd1 Qf8 16. Nxc6 Rxc6 17. a4 Nd7 18. a5 Nc5 19. Qa2 Bh6 20. Bxh6 Qxh6 21.
Nd5 Re8 22. Rb1 Nd7 23. Qf2 Rcc8 24. Qa7 Rb8 25. b4 Kf8 26. Qd4 Qg7 27. Qe3
Rec8 28. Rbc1 Ne5 29. Nb6 Rd8 30. Rd2 Nc6 31. Qb3 Nd4 32. Qe3 Nc6 33. Qa3 Qh6
34. Rcd1 Ke8 35. Qc3 f6 36. g3 Qh5 37. f4 g5 38. b5 Na7 39. f5 axb5 40. cxb5
Qg4 41. Qb3 Kf8 42. Re1 h5 43. Rc2 h4 44. Kg2 Nc8 45. Nd5 Kg7 46. Rc7 Rh8 47.
h3 Qxg3+ 48. Qxg3 hxg3 49. Nxe7 Nxe7 50. Rxe7+ Kf8 51. Rc7 Rh4 52. Kxg3 Rf4 53.
Rec1 Re8 54. Rxb7 Rfxe4 55. a6 Re3+ 56. Kg2 Re2+ 57. Kg1 Ra2 58. a7 d5 59. b6
d4 60. Rb8 d3 61. Rxe8+ Kxe8 62. b7 1-0

[Event "CXU Obro Nytaar 2013"]
[Site "Copenhagen"]
[Date "2013.12.29"]
[Round "5"]
[White "Stojanovski, Sandi"]
[Black "Brorsen, Jacob Abildlund"]
[Result "0-1"]
[WhiteElo "2288"]
[BlackElo "2129"]
[PlyCount "78"]
[EventDate "2013.??.??"]
[EventType "swiss"]
[EventRounds "7"]

1. d4 Nf6 2. c4 g6 3. Nc3 d5 4. cxd5 Nxd5 5. e4 Nxc3 6. bxc3 Bg7 7. Bc4 c5 8.
Ne2 O-O 9. O-O cxd4 10. cxd4 Nc6 11. Be3 Bg4 12. f3 Bd7 13. Rb1 Rc8 14. Bd3 Na5
15. Qd2 b5 16. Bxb5 Bxb5 17. Rxb5 Nc4 18. Qd3 Nxe3 19. Qxe3 Rc2 20. a3 Qd7 21.
Rfb1 Rfc8 22. Rb8 Qc7 23. Rxc8+ Qxc8 24. Qd3 h5 25. h3 Qc6 26. f4 Ra2 27. e5 e6
28. Rd1 Bf8 29. Rc1 Qa4 30. Rc3 Bxa3 31. f5 exf5 32. e6 Be7 33. exf7+ Kxf7 34.
Rc7 Qb4 35. Qe3 Ra6 36. Qh6 Qe1+ 37. Kh2 Qxe2 38. Qh7+ Kf6 39. Qh8+ Kg5 0-1

[Event "CXU Obro Nytaar 2013"]
[Site "Copenhagen"]
[Date "2013.12.29"]
[Round "5"]
[White "Vesterli, Michael E"]
[Black "Bekker Jensen, David"]
[Result "1-0"]
[WhiteElo "2045"]
[BlackElo "2314"]
[PlyCount "65"]
[EventDate "2013.??.??"]
[EventType "swiss"]
[EventRounds "7"]

1. d4 Nf6 2. c4 g6 3. Nc3 Bg7 4. e4 d6 5. Nf3 O-O 6. Be2 Na6 7. O-O e5 8. Be3
c6 9. Qc2 h6 10. dxe5 Ng4 11. Rad1 Nxe3 12. fxe3 Qb6 13. exd6 Qxe3+ 14. Kh1 Be6
15. Nd4 Bd7 16. Rf3 Qg5 17. Nb3 Rae8 18. a3 Re5 19. Nc1 Qh4 20. g3 Qh3 21. Nd3
Ree8 22. Nf4 Qg4 23. h4 Bc8 24. d7 Qxd7 25. Rxd7 Bxd7 26. b4 Nc7 27. Rd3 Bc8
28. Bf3 Be5 29. Nd1 g5 30. Nh5 Ne6 31. Ne3 Nd4 32. Qd1 Rd8 33. Bg4 1-0

[Event "CXU Obro Nytaar 2013"]
[Site "Copenhagen"]
[Date "2013.12.29"]
[Round "5"]
[White "Andreasen, Henrik"]
[Black "Frank Nielsen, Marie"]
[Result "1-0"]
[WhiteElo "2240"]
[BlackElo "1970"]
[PlyCount "111"]
[EventDate "2013.??.??"]
[EventType "swiss"]
[EventRounds "7"]

1. d4 Nf6 2. c4 g6 3. Nc3 Bg7 4. e4 d6 5. f3 O-O 6. Be3 e5 7. Nge2 exd4 8. Nxd4
Nc6 9. Nc2 Re8 10. Be2 Be6 11. Qd2 Nd7 12. O-O Nde5 13. b3 f5 14. Rad1 Nf7 15.
Bd3 a6 16. exf5 gxf5 17. f4 Nh6 18. h3 Bf7 19. Rde1 Kh8 20. Nd5 Qd7 21. Be2 Ng8
22. Bf3 Re6 23. Bf2 Rg6 24. Qd3 Rf8 25. Re2 h6 26. Rfe1 Nf6 27. Bh4 Ne4 28.
Bxe4 fxe4 29. Rxe4 Re6 30. f5 Rxe4 31. Qxe4 Bxd5 32. cxd5 Ne5 33. Nd4 Bf6 34.
Ne6 Rf7 35. Bxf6+ Rxf6 36. Re3 Qh7 37. g4 h5 38. Ng5 Qg7 39. Qf4 Qg8 40. Ne4
Rf7 41. Rg3 h4 42. Qh6+ Qh7 43. Qxh7+ Rxh7 44. Rc3 Re7 45. Ng5 Kg7 46. Kf2 Kf6
47. Ne4+ Kf7 48. Ke3 Kf8 49. Kf4 b5 50. Ng5 b4 51. Re3 Kg7 52. Ne6+ Kf7 53. g5
c5 54. Nxc5 Rc7 55. Ne4 Rc1 56. Nxd6+ 1-0

[Event "CXU Obro Nytaar 2013"]
[Site "Copenhagen"]
[Date "2013.12.29"]
[Round "5"]
[White "Nielsen, Viktor Haarmark"]
[Black "Andreasen, Per Naesby"]
[Result "0-1"]
[WhiteElo "1948"]
[BlackElo "2192"]
[PlyCount "64"]
[EventDate "2013.??.??"]
[EventType "swiss"]
[EventRounds "7"]

1. e4 g6 2. d4 Bg7 3. Nc3 c6 4. Nf3 d6 5. Be2 Nd7 6. O-O e5 7. Be3 Ngf6 8. h3
Qe7 9. dxe5 dxe5 10. a4 O-O 11. Nd2 Nc5 12. Bc4 Rd8 13. Qe2 Ne6 14. Bxe6 Bxe6
15. f4 exf4 16. Bxf4 Nh5 17. Bh2 Qb4 18. Nb3 Bc4 19. Qf3 Bxf1 20. Rxf1 Qe7 21.
e5 Bxe5 22. Bxe5 Qxe5 23. Qxf7+ Kh8 24. Qxb7 Rf8 25. Rd1 Qe3+ 26. Kh2 Rae8 27.
Qxc6 Qg3+ 28. Kg1 Re1+ 29. Rxe1 Qxe1+ 30. Kh2 Qg3+ 31. Kg1 Nf4 32. Nd2 Qe3+ 0-1

[Event "CXU Obro Nytaar 2013"]
[Site "Copenhagen"]
[Date "2013.12.29"]
[Round "5"]
[White "Krull, Carl"]
[Black "Haubro, Martin"]
[Result "0-1"]
[WhiteElo "1607"]
[BlackElo "2211"]
[PlyCount "110"]
[EventDate "2013.??.??"]
[EventType "swiss"]
[EventRounds "7"]

1. e4 c5 2. Nf3 d6 3. d4 cxd4 4. Qxd4 Nc6 5. Bb5 Bd7 6. Bxc6 Bxc6 7. Nc3 e5 8.
Qc4 h6 9. Be3 Nf6 10. O-O-O Qc8 11. Nd2 Be7 12. h3 O-O 13. g4 b5 14. Qd3 d5 15.
Nxd5 Nxd5 16. exd5 Rd8 17. Qf5 Qxf5 18. gxf5 Bxd5 19. Rhg1 Kh7 20. f3 Bxa2 21.
Rg4 Bd5 22. Rdg1 Bf6 23. Ne4 Bxe4 24. fxe4 Rac8 25. Rd1 Rxd1+ 26. Kxd1 a5 27.
Rg2 Rc4 28. Bb6 a4 29. Re2 b4 30. Kd2 a3 31. bxa3 bxa3 32. Kd3 a2 33. Re1 Rb4
34. Ra1 Rxb6 35. Rxa2 Rd6+ 36. Kc4 Rd4+ 37. Kb5 Rxe4 38. c4 Rf4 39. c5 Rxf5 40.
c6 e4+ 41. Ka6 Be5 42. Kb7 e3 43. Re2 Rf3 44. h4 f5 45. c7 Bxc7 46. Kxc7 f4 47.
Kd6 Rf2 48. Re1 e2 49. h5 f3 50. Ke5 Rf1 51. Rxf1 exf1=Q 52. Kf4 Qe2 53. Kg3 f2
54. Kh4 f1=Q 55. Kg3 Qeg2+ 0-1